000 00401nam a2200145 i 4500
001 bg
100 1 _aPierzchała, Henryk
_d(1922- ).
245 1 0 _aDrogi kołowe, ulice i węzły drogowe.
_nT.2 /
_cH. Pierzchała, R.J. Grabowski.
260 _aBiałystok,
_c1990.
700 1 _aGrabowski, Ryszard Józef.
040 _cBPK
041 _apol
942 _cKS
008 s pl f |000 0 pol
999 _c4161
_d4161
856 _uhttp://koha.tu.koszalin.pl/cgi-bin/koha/opac-detail.pl?biblionumber=4161
_yKatalog online BPK